Toni Morrison Novels Quiz Stats

 Plays Quiz Updated Aug 7, 2019

Score 0/11 Timer 03:00
0 Plays Today
Year of Publication Novel % Correct
1987Beloved
89.3%
1970The Bluest Eye
76.5%
1977Song of Solomon
64.2%
1973Sula
55.3%
1992Jazz
44.2%
2012Home
36%
1981Tar Baby
34.7%
2003Love
31.6%
1998Paradise
29.2%
2008A Mercy
25.7%
2015God Help the Child
22.2%

You're not logged in!

Compare scores with friends on all Sporcle quizzes.
OR
Log In

Sporcle TV

Today on Sporcle TV


Watch our educational content, quiz creation guides, and fun videos on Sporcle TV.

Show Comments

Extras

Top Quizzes Today


Score Distribution

Your Account Isn't Verified!

In order to create a playlist on Sporcle, you need to verify the email address you used during registration. Go to your Sporcle Settings to finish the process.

Report this User

Report this user for behavior that violates our Community Guidelines.

Details: